[Event "36th World Junior Girls"]
[Site "Manavgat TUR"]
[Date "2018.09.10"]
[Round "6.16"]
[White "Dwilewicz, Katarzyna"]
[Black "Altantuya, Boldbaatar"]
[Result "0-1"]
[WhiteTitle "WFM"]
[BlackTitle "WFM"]
[WhiteElo "2081"]
[BlackElo "2210"]
[WhiteFideId "1148486"]
[BlackFideId "4902785"]
[EventDate "2018.09.05"]

1. e4 c5 2. Nf3 e6 3. d4 cxd4 4. Nxd4 Nf6 5. Nc3 d6 6. Be2 a6 7. f4 Nc6 8. Be3
Be7 9. O-O Qc7 10. Qe1 O-O 11. Qg3 Kh8 12. Kh1 Bd7 13. Rae1 b5 14. a3 Rab8 15.
Nxc6 Bxc6 16. Bd3 b4 17. axb4 Rxb4 18. Bc1 a5 19. b3 Ba8 20. Bd2 Rbb8 21. Qh3 d5
22. exd5 exd5 23. Nb5 Qd8 24. Re5 g6 25. Bc3 Kg8 26. Bd4 Ne4 27. Rxe7 Qxe7 28.
f5 f6 29. Qg4 Qg7 30. fxg6 hxg6 31. c4 dxc4 32. bxc4 Rbe8 33. c5 Bc6 34. Qh4 Qh7
35. Bc4+ Kh8 36. Rxf6 Qxh4 37. Rxf8+ Kh7 38. Bg8+ Kh6 39. Be3+ Ng5 0-1

[Event "36th World Junior Girls"]
[Site "Manavgat TUR"]
[Date "2018.09.10"]
[Round "6.17"]
[White "Beydullayeva, Govhar"]
[Black "Yang, Yijing"]
[Result "1/2-1/2"]
[WhiteTitle "WFM"]
[BlackTitle "WCM"]
[WhiteElo "2202"]
[BlackElo "2018"]
[WhiteFideId "13413015"]
[BlackFideId "8608601"]
[EventDate "2018.09.05"]

1. Nf3 Nf6 2. g3 g6 3. Bg2 Bg7 4. O-O O-O 5. c4 c6 6. h3 d5 7. b3 Nfd7 8. d4
dxc4 9. bxc4 e5 10. e3 exd4 11. exd4 c5 12. Nc3 Nc6 13. Bg5 Qa5 14. Nb5 a6 15.
d5 axb5 16. dxc6 bxc6 17. Rc1 Qxa2 18. Ne1 Ra6 19. cxb5 cxb5 20. Be7 Re8 21.
Bxc5 Nxc5 22. Rxc5 Be6 23. Nc2 Rb6 24. Ne3 Qa3 25. Rc1 Rd6 26. Qf3 b4 27. Qb7
Bh6 28. Nc4 Bxc4 29. Rxc4 Bd2 30. Bd5 Rf6 31. Rc7 Rf8 32. Rc2 Bg5 33. h4 Bh6 34.
Rb1 Qa6 35. Qxa6 Rxa6 36. Rxb4 Ra7 37. g4 Rd7 38. Ba2 Rd2 39. Rxd2 Bxd2 40. Rb7
h6 41. Rd7 Bf4 42. Kg2 g5 43. h5 Kg7 44. Kf3 Kf6 45. Rb7 Kg7 46. Bd5 Kf6 47. Ke4
Re8+ 48. Kd3 Re7 1/2-1/2

[Event "36th World Junior Girls"]
[Site "Manavgat TUR"]
[Date "2018.09.10"]
[Round "6.18"]
[White "Meenal, Gupta"]
[Black "Kanakova, Natalie"]
[Result "1-0"]
[BlackTitle "WFM"]
[WhiteElo "1963"]
[BlackElo "2201"]
[WhiteFideId "25070479"]
[BlackFideId "350486"]
[EventDate "2018.09.05"]

1. e4 e5 2. Nf3 Nc6 3. Bb5 a6 4. Ba4 Nf6 5. O-O Be7 6. Re1 b5 7. Bb3 d6 8. c3
O-O 9. h3 Na5 10. Bc2 c5 11. d4 Nd7 12. a4 Bb7 13. d5 g6 14. Bh6 Re8 15. axb5
axb5 16. b3 Bf8 17. Be3 Bg7 18. Nbd2 Rf8 19. Nf1 Rb8 20. g4 Ba8 21. Qe2 h6 22.
Ng3 Qc7 23. Kh2 Kh7 24. Ra2 c4 25. b4 Nb3 26. Rb1 Nb6 27. Bxb6 Qxb6 28. Bxb3
cxb3 29. Rxb3 f5 30. gxf5 gxf5 31. Nh4 fxe4 32. Qxe4+ Kg8 33. Ngf5 Rf7 34. c4
Qd8 35. Rg3 Kf8 36. Nxg7 Rxg7 37. Qf5+ Kg8 38. Qe6+ Kh7 39. Rxg7+ Kxg7 40. Nf5+
Kf8 41. Qxh6+ Ke8 42. Nxd6+ Kd7 43. Qe6+ Kc7 44. Ra7+ 1-0

[Event "36th World Junior Girls"]
[Site "Manavgat TUR"]
[Date "2018.09.10"]
[Round "6.19"]
[White "Nurgali, Nazerke"]
[Black "Georgescu, Lena"]
[Result "1-0"]
[WhiteTitle "WFM"]
[BlackTitle "WFM"]
[WhiteElo "2080"]
[BlackElo "2195"]
[WhiteFideId "13711261"]
[BlackFideId "1331973"]
[EventDate "2018.09.05"]

1. d4 Nf6 2. c4 e6 3. g3 d5 4. Nf3 Bb4+ 5. Bd2 Be7 6. Bg2 O-O 7. O-O c6 8. Qc2
b6 9. Nc3 Ba6 10. cxd5 cxd5 11. Rfd1 Nc6 12. Bf4 Bb7 13. Rac1 Rc8 14. Ne5 Nh5
15. Be3 a6 16. Bf3 Nf6 17. Bf4 b5 18. Qd3 Qa5 19. a3 Nxe5 20. dxe5 Nd7 21. b4
Qd8 22. h4 Rc4 23. e4 Nb6 24. exd5 exd5 25. Nxd5 Bxd5 26. Bxd5 Rxc1 27. Bxc1
Qxd5 28. Qxd5 Nxd5 29. Rxd5 Rc8 30. Be3 Kf8 31. Rd7 Ra8 32. Rb7 Ke8 33. Kg2 h5
34. Kf3 Rc8 35. Ra7 Rc6 36. Ke4 Bd8 37. Kd5 Re6 38. Bc5 g6 39. f4 1-0

[Event "36th World Junior Girls"]
[Site "Manavgat TUR"]
[Date "2018.09.10"]
[Round "6.20"]
[White "Kubicka, Anna"]
[Black "De Silva, Tenara"]
[Result "1-0"]
[WhiteTitle "WIM"]
[WhiteElo "2204"]
[BlackElo "1764"]
[WhiteFideId "1152254"]
[BlackFideId "9942270"]
[EventDate "2018.09.05"]

1. Nf3 Nf6 2. c4 g6 3. Nc3 Bg7 4. e4 d6 5. d4 O-O 6. h3 Nc6 7. Be3 a6 8. Be2 e5
9. d5 Ne7 10. g4 c6 11. Nd2 b5 12. dxc6 b4 13. c7 Qxc7 14. Nd5 Nexd5 15. cxd5
Bb7 16. Rc1 Qd8 17. g5 Nd7 18. Nc4 Nc5 19. Nxd6 Qxd6 20. Bxc5 Qd8 21. Bxf8 Bxf8
22. h4 Qa5 23. Qb3 Bc5 24. Kf1 Rf8 25. h5 Bc8 26. Rh2 Bd7 27. Qg3 Be7 28. Qxe5
Qd8 29. hxg6 fxg6 30. d6 1-0

[Event "36th World Junior Girls"]
[Site "Manavgat TUR"]
[Date "2018.09.10"]
[Round "6.22"]
[White "Varshini, V"]
[Black "Gomez Barrera, Javiera Belen"]
[Result "1-0"]
[WhiteTitle "WIM"]
[BlackTitle "WIM"]
[WhiteElo "2173"]
[BlackElo "2035"]
[WhiteFideId "5091241"]
[BlackFideId "3418723"]
[EventDate "2018.09.05"]

1. e4 e5 2. Nf3 Nc6 3. Bb5 a6 4. Ba4 Nf6 5. Qe2 Bd6 6. c3 O-O 7. O-O Re8 8. d3
h6 9. Rd1 Bf8 10. Nbd2 b5 11. Bc2 d5 12. Nf1 d4 13. Ng3 a5 14. a4 b4 15. cxb4
axb4 16. Nd2 Na5 17. Rf1 Be6 18. Qd1 Nd7 19. Bb3 Nc5 20. Bxe6 Rxe6 21. Nc4 Nab3
22. Rb1 Nxc1 23. Rxc1 Nxa4 24. f4 exf4 25. Rxf4 Be7 26. Rg4 Bg5 27. Nf5 g6 28.
h4 Bxc1 29. Qxc1 Qf8 30. Nxh6+ Kh7 31. Qf4 f6 32. h5 Qxh6 33. hxg6+ Qxg6 34.
Rxg6 Kxg6 35. Qf5+ Kf7 36. Qh7+ Ke8 37. Qg8+ Kd7 38. Qxa8 Nc5 39. Qd5+ 1-0

[Event "36th World Junior Girls"]
[Site "Manavgat TUR"]
[Date "2018.09.10"]
[Round "6.25"]
[White "Hereklioglu, Sude"]
[Black "Urh, Zala"]
[Result "0-1"]
[WhiteTitle "WFM"]
[BlackTitle "WFM"]
[WhiteElo "1930"]
[BlackElo "2128"]
[WhiteFideId "6359531"]
[BlackFideId "14611481"]
[EventDate "2018.09.05"]

1. d4 Nf6 2. Nf3 d5 3. c3 e6 4. Bg5 Be7 5. Nbd2 Nbd7 6. e3 h6 7. Bf4 b6 8. Bd3
Bb7 9. Ne5 Nxe5 10. dxe5 Nd7 11. h4 Bxh4 12. b4 Bg5 13. Qg4 Bxf4 14. exf4 Qe7
15. Qxg7 O-O-O 16. Rxh6 Rhg8 17. Qh7 Rxg2 18. Be2 Nf8 19. Qc2 Ng6 20. Nf3 Nxf4
21. Bf1 Rg6 22. Rxg6 Nxg6 23. a4 d4 24. Nxd4 Nxe5 25. Qe2 Rxd4 26. Qxe5 Re4+ 0-1

[Event "36th World Junior Girls"]
[Site "Manavgat TUR"]
[Date "2018.09.10"]
[Round "6.26"]
[White "Serikbay, Assel"]
[Black "Kyrkjebo, Hanna B."]
[Result "1/2-1/2"]
[WhiteTitle "WFM"]
[WhiteElo "2125"]
[BlackElo "1947"]
[WhiteFideId "13706799"]
[BlackFideId "1511599"]
[EventDate "2018.09.05"]

1. d4 Nf6 2. c4 e6 3. g3 d5 4. Nf3 c6 5. Bg2 Be7 6. O-O O-O 7. Qc2 b6 8. Nbd2
Ba6 9. Ne5 Nfd7 10. Nd3 Nf6 11. Rd1 Nbd7 12. e4 Rc8 13. e5 Ne8 14. b4 Nc7 15. c5
bxc5 16. bxc5 Rb8 17. Nb3 Qc8 18. Na5 Bb7 19. Bf1 Ne8 20. Nb4 Bd8 21. Nxb7 Qxb7
22. Na6 Rc8 23. Rb1 Qa8 24. Qb3 Nc7 25. Qb7 Qxb7 26. Rxb7 Nxa6 27. Bxa6 Rc7 28.
Rb3 Be7 29. Bd2 Nb8 30. Bb7 f6 31. Ba5 Rd7 32. Rdb1 fxe5 33. Ba8 Bd8 34. Bd2 Bc7
35. dxe5 Bxe5 36. Re3 Bd4 37. Rxe6 Bxf2+ 38. Kh1 Bxc5 39. Bf4 Bb6 40. Bxb8 Rxb8
41. Bxc6 Rdd8 42. Rbe1 Rbc8 43. Re8+ Rxe8 44. Rxe8+ Rxe8 45. Bxe8 Kf8 46. Bc6 d4
47. Be4 h6 48. Kg2 Ke7 49. Kf3 Kf6 50. Bd3 Ke5 51. Bc4 Bd8 52. Bb3 Bg5 53. Bc4
Be3 54. a4 a5 55. g4 Kf6 56. h4 g6 57. Bd3 g5 58. hxg5+ hxg5 59. Ke4 Ke6 60.
Bc4+ Kd6 61. Bb5 Kc5 62. Kd3 Kb4 63. Bd7 Kc5 64. Bb5 Kd5 1/2-1/2

[Event "36th World Junior Girls"]
[Site "Manavgat TUR"]
[Date "2018.09.10"]
[Round "6.27"]
[White "Nass, Sara"]
[Black "Santeramo, Alessia"]
[Result "1-0"]
[BlackTitle "WFM"]
[WhiteElo "1888"]
[BlackElo "2124"]
[WhiteFideId "1516191"]
[BlackFideId "850810"]
[EventDate "2018.09.05"]

1. e4 c5 2. Nf3 g6 3. d4 cxd4 4. Nxd4 Bg7 5. Nc3 Nc6 6. Be3 Nf6 7. f3 Qb6 8. Na4
Qa5+ 9. c3 d6 10. Bb5 Bd7 11. O-O O-O 12. b4 Qd8 13. Bxc6 bxc6 14. Nb2 a5 15. a3
e5 16. Nb3 axb4 17. axb4 Be6 18. Na5 Qc7 19. Nac4 d5 20. Nd2 Nd7 21. Na4 f5 22.
Nc5 Nxc5 23. Bxc5 Rfd8 24. Qc2 Bh6 25. exd5 Bxd5 26. Nb3 Bc4 27. Rfd1 Rxa1 28.
Rxa1 Qf7 29. Na5 Rd2 30. Qb1 Ba2 31. Qe1 Qd5 32. c4 Bxc4 33. Nxc4 Qxc4 34. Qxe5
Rd8 35. Bb6 Rf8 36. Bd4 1-0

[Event "36th World Junior Girls"]
[Site "Manavgat TUR"]
[Date "2018.09.10"]
[Round "6.29"]
[White "Zairbek kyzy, Begimay"]
[Black "Li, Yunshan"]
[Result "1/2-1/2"]
[BlackTitle "WFM"]
[WhiteElo "1770"]
[BlackElo "2060"]
[WhiteFideId "13803603"]
[BlackFideId "8607664"]
[EventDate "2018.09.05"]

1. e4 c5 2. c3 Nf6 3. e5 Nd5 4. d4 cxd4 5. cxd4 e6 6. Nf3 Nc6 7. Bc4 d6 8. O-O
Be7 9. a3 O-O 10. Re1 Bd7 11. Nbd2 Rc8 12. Bd3 dxe5 13. dxe5 Qb6 14. Nc4 Qc7 15.
Bg5 Bxg5 16. Bxh7+ Kh8 17. Nxg5 g6 18. Nd6 Kg7 19. Rc1 Qd8 20. h4 Rc7 21. Rxc6
Rxc6 22. Nde4 Rh8 23. Qf3 Qe7 24. Rd1 Rxh7 25. Nxh7 Kxh7 26. Nf6+ Kg7 27. h5 Rc8
28. h6+ Kh8 29. Nxd7 Rd8 30. Nf6 Nxf6 31. Rxd8+ Qxd8 32. exf6 Qd5 33. Qxd5 exd5
34. g4 g5 35. f4 gxf4 36. g5 Kh7 37. Kf2 d4 38. Kf3 d3 39. b3 Kg6 40. Kf2 Kh7 1/2-1/2

[Event "36th World Junior Girls"]
[Site "Manavgat TUR"]
[Date "2018.09.10"]
[Round "6.30"]
[White "Auvray, Honorine"]
[Black "Salah, Nadezhda"]
[Result "0-1"]
[WhiteTitle "WFM"]
[WhiteElo "2050"]
[BlackElo "1918"]
[WhiteFideId "600512"]
[BlackFideId "14139758"]
[EventDate "2018.09.05"]

1. d4 Nf6 2. Bf4 e6 3. e3 c5 4. c3 Be7 5. Nd2 b6 6. Ngf3 d6 7. Bd3 Nh5 8. Bg3
Nxg3 9. hxg3 h6 10. Qe2 Bb7 11. g4 Nd7 12. a4 a6 13. Ne4 c4 14. Bc2 b5 15. g5 d5
16. Ned2 Bxg5 17. Nxg5 Qxg5 18. f4 Qe7 19. e4 b4 20. e5 b3 21. Bb1 a5 22. f5
O-O-O 23. Nxc4 dxc4 24. Qxc4+ Kb8 25. Qxb3 Qg5 26. Rg1 Qe3+ 27. Kf1 Ka7 28. Bc2
Rb8 29. Re1 Ba6+ 0-1

[Event "36th World Junior Girls"]
[Site "Manavgat TUR"]
[Date "2018.09.10"]
[Round "6.31"]
[White "Wafa, Shahenda"]
[Black "Nastase, Andreea-Cristina"]
[Result "1-0"]
[WhiteTitle "WGM"]
[WhiteElo "2129"]
[BlackElo "1983"]
[WhiteFideId "10609962"]
[BlackFideId "1221183"]
[EventDate "2018.09.05"]

1. e4 c5 2. Nf3 d6 3. d4 cxd4 4. Nxd4 Nf6 5. Nc3 a6 6. Bg5 e6 7. f4 Nbd7 8. Qf3
Qc7 9. g4 b5 10. Bxf6 gxf6 11. a3 Rb8 12. Nb3 Nb6 13. Nd4 Nd7 14. Nb3 Nb6 15. f5
e5 16. h4 Bb7 17. O-O-O Rc8 18. Rh2 Be7 19. g5 fxg5 20. f6 g4 21. Qxg4 Bxf6 22.
Bxb5+ Ke7 23. Bd3 Qd7 24. Qh5 Rcg8 25. Qe2 Na4 26. Nxa4 Qxa4 27. Rf1 h5 28. Rhf2
Rg6 29. Rf5 Bc8 30. R5f2 Bg4 31. Qe3 Be6 32. Rxf6 Rxf6 33. Rxf6 Bxb3 34. Qg5 Rc8
35. Rf2+ Kd7 36. Qxh5 Be6 37. Qe2 Rg8 38. Rf1 Qd4 39. Bxa6 Rg1 40. Bd3 Bg4 41.
Qe1 Rxf1 42. Qxf1 Qe3+ 43. Kb1 Be6 44. Qh1 Qh6 45. a4 Kc7 46. Qe1 Qf4 47. a5 d5
48. a6 dxe4 49. Bxe4 Kb6 50. Bd3 f6 51. Qg1+ Kc7 52. Qc5+ 1-0

[Event "36th World Junior Girls"]
[Site "Manavgat TUR"]
[Date "2018.09.10"]
[Round "6.32"]
[White "Lingur, Zalina"]
[Black "Vujcic, Milena"]
[Result "1-0"]
[WhiteTitle "WFM"]
[WhiteElo "2061"]
[BlackElo "1955"]
[WhiteFideId "34165670"]
[BlackFideId "954748"]
[EventDate "2018.09.05"]

1. e4 e5 2. Nf3 Nc6 3. Bc4 Bc5 4. c3 Nf6 5. d3 d6 6. O-O O-O 7. a4 a6 8. Nbd2
Ba7 9. Bb3 Ne7 10. h3 Ng6 11. Re1 h6 12. Nf1 c6 13. Ng3 d5 14. exd5 Nxd5 15. d4
exd4 16. Nxd4 Kh8 17. a5 Bb8 18. Ndf5 Be6 19. Qd4 Bxf5 20. Nxf5 Qf6 21. Qxf6
Nxf6 22. Be3 Ba7 23. Bxa7 Rxa7 24. Rad1 Raa8 25. Nd6 Kg8 26. Rd4 c5 27. Rdd1
Rab8 28. Nc4 Rfd8 29. g3 Kf8 30. Kg2 Ne7 31. Ne5 Nfd5 32. Bc4 b5 33. Bxd5 Nxd5
34. Nc6 Rbc8 35. Nxd8 Rxd8 36. b3 Rd7 37. c4 bxc4 38. bxc4 Nf6 39. Rxd7 Nxd7 40.
f4 Nb8 41. Re5 Nd7 42. Rd5 Ke7 43. Kf3 g6 44. g4 Ke6 45. f5+ Ke7 46. fxg6 fxg6
47. h4 Ke6 48. Kf4 Nf6 49. Rxc5 Kd6 50. Rc8 1-0

[Event "36th World Junior Girls"]
[Site "Manavgat TUR"]
[Date "2018.09.10"]
[Round "6.33"]
[White "Aubert, Laurane"]
[Black "Malatsilava, Volha"]
[Result "1/2-1/2"]
[WhiteElo "1970"]
[BlackElo "2040"]
[WhiteFideId "20690371"]
[BlackFideId "13508512"]
[EventDate "2018.09.05"]

1. e4 c5 2. Nf3 e6 3. d4 cxd4 4. Nxd4 Nc6 5. Nc3 Qc7 6. Be3 Nf6 7. Bd3 a6 8. O-O
Bd6 9. h3 O-O 10. Nb3 Bf4 11. Bxf4 Qxf4 12. Ne2 Qc7 13. f4 d6 14. Qe1 e5 15. f5
Qb6+ 16. Kh1 d5 17. exd5 Nb4 18. Nc3 Nxd3 19. cxd3 Re8 20. Qh4 Qd6 21. Ne4 Qxd5
22. Nxf6+ gxf6 23. Qxf6 Qd8 24. Qh6 f6 25. Rf3 Qe7 26. Rg3+ Kh8 27. Rf1 b6 28.
Nd2 Bb7 29. Ne4 Bxe4 30. dxe4 Rad8 31. Rc1 Rd6 32. Rgc3 Qg7 33. Rc8 Red8 34.
Rxd8+ Rxd8 35. Qxg7+ Kxg7 36. Rc7+ Kh6 37. Rc6 Kg5 38. Rxb6 a5 39. Rb5 Rd2 40.
Kh2 Kf4 41. Rxa5 Rxb2 42. Ra4 h5 43. Kg1 h4 44. Kf1 Ke3 45. Kg1 Kf4 46. Kf1 Ke3
47. Kg1 Kf4 48. Kf1 1/2-1/2

[Event "36th World Junior Girls"]
[Site "Manavgat TUR"]
[Date "2018.09.10"]
[Round "6.34"]
[White "Kocyigit, Buse Naz"]
[Black "Kamalidenova, Meruert"]
[Result "1/2-1/2"]
[BlackTitle "WFM"]
[WhiteElo "1944"]
[BlackElo "2011"]
[WhiteFideId "6380840"]
[BlackFideId "13712802"]
[EventDate "2018.09.05"]

1. d4 Nf6 2. Nf3 g6 3. c4 Bg7 4. Nc3 O-O 5. e4 d6 6. h3 c5 7. Be3 Qa5 8. Qd2 Nc6
9. O-O-O a6 10. Bh6 Rb8 11. Bxg7 Kxg7 12. d5 Na7 13. g4 b5 14. g5 Nd7 15. Qf4
Nf6 16. Qd2 Nd7 17. Qf4 b4 18. Nb1 Qxa2 19. h4 Nb6 20. h5 Nxc4 21. Bxc4 Qxc4+
22. Kd2 Bd7 23. Rh4 Bb5 24. hxg6 fxg6 25. Qe3 Ba4 26. Rc1 Qb3 27. Qxb3 Bxb3 28.
Ke3 Nc8 29. Rch1 Rh8 30. Nbd2 Ba4 31. b3 Bb5 32. Rh6 Nb6 33. Nh4 Be8 34. f4 Nd7
35. Nc4 Bf7 36. f5 Ne5 37. Nxe5 dxe5 38. Kd3 Rb6 39. Kc4 Rc8 40. Nf3 Bg8 41.
Nxe5 Rd6 42. fxg6 hxg6 43. Ra1 Rf8 44. Kxc5 Rf4 45. Nc4 Rd8 46. Rxa6 Rxe4 47.
Raxg6+ Kf8 48. Kxb4 Rb8+ 49. Kc3 Rxb3+ 50. Kxb3 Bxd5 51. Rb6 Rxc4 52. Kb2 Bg8
53. Rh3 Rg4 1/2-1/2

[Event "36th World Junior Girls"]
[Site "Manavgat TUR"]
[Date "2018.09.10"]
[Round "6.35"]
[White "Cramling Bellon, Anna"]
[Black "Duran, Esma Doga"]
[Result "1-0"]
[WhiteTitle "WFM"]
[BlackTitle "WFM"]
[WhiteElo "2009"]
[BlackElo "1825"]
[WhiteFideId "32009232"]
[BlackFideId "6390196"]
[EventDate "2018.09.05"]

1. d4 d5 2. c4 c6 3. Nf3 Nf6 4. Nc3 e6 5. Bg5 Be7 6. e3 Nbd7 7. Bd3 dxc4 8. Bxc4
b5 9. Bd3 Bb7 10. O-O O-O 11. a4 b4 12. Ne4 Nxe4 13. Bxe7 Qxe7 14. Bxe4 f5 15.
Bd3 c5 16. Bb5 Rfd8 17. Qe2 Rac8 18. Rac1 Nf6 19. h3 Ne4 20. Ba6 Rd6 21. Bxb7
Qxb7 22. Rfd1 Rd5 23. Ne5 cxd4 24. exd4 Rdd8 25. Qe3 Qd5 26. Rxc8 Rxc8 27. Rc1
Rxc1+ 28. Qxc1 h6 29. Qc8+ Kh7 30. Nd7 Nd6 31. Qb8 h5 32. Qxa7 Qe4 33. Nf6+ 1-0

[Event "36th World Junior Girls"]
[Site "Manavgat TUR"]
[Date "2018.09.10"]
[Round "6.36"]
[White "Yorgun, Yaren Naz"]
[Black "Caballero Quijano, Mitzy Mishell"]
[Result "1-0"]
[BlackTitle "WIM"]
[WhiteElo "1751"]
[BlackElo "2034"]
[WhiteFideId "6361021"]
[BlackFideId "3807223"]
[EventDate "2018.09.05"]

1. e4 d6 2. d4 g6 3. Nc3 Bg7 4. g3 Nf6 5. Bg2 Nc6 6. Nge2 e5 7. dxe5 Nxe5 8. O-O
O-O 9. Nf4 Re8 10. Nd3 c6 11. Nxe5 dxe5 12. Qxd8 Rxd8 13. h3 b5 14. Be3 Be6 15.
Rad1 Nd7 16. Rd6 Rdc8 17. Rfd1 Nb6 18. b3 Bf8 19. R6d3 b4 20. Ne2 c5 21. f4 c4
22. R3d2 f6 23. g4 Bf7 24. g5 fxg5 25. fxe5 Re8 26. Bxg5 Rxe5 27. Bf6 Ree8 28.
e5 Rac8 29. Nd4 Bc5 30. Kh2 Bxd4 31. Rxd4 Be6 32. Bf3 cxb3 33. cxb3 Rc2+ 34.
R1d2 Rxd2+ 35. Rxd2 Nd7 36. Bc6 Nxf6 37. Bxe8 Nxe8 38. Rd8 Kf7 39. Ra8 Bd5 40.
Rxa7+ Ke6 41. Rxh7 Bc6 42. Rh4 Kxe5 43. Rxb4 Nf6 44. a4 Kd5 45. Rb8 Kd6 46. a5
Kc7 47. Rf8 Nd7 48. Rg8 Be4 49. b4 Kc6 50. Rc8+ Kb5 51. Re8 Bf5 52. Kg3 Kxb4 53.
a6 Nb6 54. a7 Kb5 55. a8=Q Nxa8 56. Rxa8 Kc6 57. Rd8 Kc7 58. Rd4 Bd7 59. h4 Bf5
60. Kf4 Bb1 61. Kg5 Kc6 62. Kf6 Kc5 63. Rg4 Kd6 64. Rxg6 Bxg6 65. Kxg6 Ke7 66.
Kg7 1-0

[Event "36th World Junior Girls"]
[Site "Manavgat TUR"]
[Date "2018.09.10"]
[Round "6.37"]
[White "Bail, Ellen Larissa"]
[Black "Celik, Eylul"]
[Result "0-1"]
[BlackTitle "WCM"]
[WhiteElo "1832"]
[BlackElo "2014"]
[WhiteFideId "2142171"]
[BlackFideId "34505792"]
[EventDate "2018.09.05"]

1. Nf3 d5 2. d4 c6 3. g3 e6 4. Bg2 f5 5. O-O Nf6 6. c4 Bd6 7. b3 Qe7 8. Bb2 O-O
9. Ne5 b6 10. Nd2 Bb7 11. Rc1 Ne4 12. Qc2 Na6 13. Nd3 Qg5 14. Nf3 Qh6 15. Nfe5
Nb4 16. Nxb4 Bxb4 17. Qd3 Rac8 18. a3 Be7 19. f3 Nd6 20. e4 fxe4 21. fxe4 Bg5
22. Rce1 Rxf1+ 23. Rxf1 Rf8 24. Rxf8+ Kxf8 25. Qf3+ Ke7 26. c5 bxc5 27. dxc5
Be3+ 28. Kf1 Bxc5 29. Nd3 dxe4 0-1

[Event "36th World Junior Girls"]
[Site "Manavgat TUR"]
[Date "2018.09.10"]
[Round "6.38"]
[White "Ayan, Bengu Sena"]
[Black "Sade, Defne"]
[Result "1-0"]
[WhiteTitle "WFM"]
[BlackTitle "WCM"]
[WhiteElo "1976"]
[BlackElo "1826"]
[WhiteFideId "6346120"]
[BlackFideId "6371884"]
[EventDate "2018.09.05"]

1. d4 d5 2. c4 e6 3. Nf3 Nf6 4. g3 Be7 5. Bg2 O-O 6. Qc2 c5 7. cxd5 Nxd5 8. O-O
Qb6 9. Rd1 Nc6 10. e3 Rd8 11. Qe2 Bd7 12. e4 Nf6 13. d5 Nb4 14. Nc3 exd5 15.
exd5 Bd6 16. a3 Re8 17. Be3 Na6 18. Qc2 Ng4 19. Re1 Nxe3 20. fxe3 c4 21. Ne4 Bc5
22. Nxc5 Nxc5 23. Qxc4 Nb3 24. Rad1 Rxe3 25. Kh1 Rc8 26. Qf4 Rce8 27. Rxe3 Qxe3
28. Qc7 Bh3 29. Qc2 Nd4 30. Nxd4 Qe1+ 31. Bf1 Qe3 32. Bxh3 Qg5 33. Bg2 1-0

[Event "36th World Junior Girls"]
[Site "Manavgat TUR"]
[Date "2018.09.10"]
[Round "6.39"]
[White "Heydarova, Aytaj"]
[Black "Aydin, Gulenay"]
[Result "1/2-1/2"]
[BlackTitle "WCM"]
[WhiteElo "1948"]
[BlackElo "1882"]
[WhiteFideId "13409999"]
[BlackFideId "34557431"]
[EventDate "2018.09.05"]

1. Nf3 Nf6 2. g3 g6 3. Bg2 Bg7 4. O-O O-O 5. c4 d6 6. Nc3 c6 7. d4 Qa5 8. Qc2
Qh5 9. e4 e5 10. dxe5 dxe5 11. b3 Na6 12. Ba3 Re8 13. Rad1 Bg4 14. Rd3 Nd7 15.
b4 Nf8 16. b5 Nc7 17. Nh4 Bf6 18. Nf3 Nfe6 19. bxc6 bxc6 20. Re1 Rad8 21. Rxd8
Rxd8 22. Nd2 Nd4 23. Qb2 Bg5 24. Ncb1 Nce6 25. Bb4 Rb8 26. Qc3 c5 27. Ba3 Bxd2
28. Nxd2 Ne2+ 29. Rxe2 Bxe2 30. Qe3 Rc8 31. f4 Bd1 32. Bb2 Nd4 33. fxe5 Qxe5 34.
Kf2 Rb8 35. Bc3 Qd6 36. e5 Qd7 37. Bd5 Qf5+ 38. Kg2 Ne2 39. e6 Nxc3 40. exf7+
Kg7 41. Qxc3+ Qf6 42. Qxf6+ Kxf6 43. Ne4+ Ke7 44. Nxc5 Bg4 45. Kf2 Rc8 46. Ne4
Be6 47. Ke3 Rd8 48. Bxe6 Kxe6 49. Ng5+ Ke7 50. Nxh7 Kxf7 51. Ng5+ Ke7 52. Ke4
Rd2 53. h4 Rd8 1/2-1/2

[Event "36th World Junior Girls"]
[Site "Manavgat TUR"]
[Date "2018.09.10"]
[Round "6.40"]
[White "Nassr, Lina"]
[Black "Kyrkjebo, Marte B."]
[Result "1-0"]
[WhiteTitle "WIM"]
[WhiteElo "1854"]
[BlackElo "1935"]
[WhiteFideId "7908075"]
[BlackFideId "1511602"]
[EventDate "2018.09.05"]

1. d4 Nf6 2. Nf3 e6 3. e3 b6 4. Bd3 Bb7 5. b3 c5 6. Bb2 Be7 7. O-O O-O 8. Nbd2
Nc6 9. a3 d5 10. Ne5 Nd7 11. f4 f6 12. Qh5 f5 13. Qh3 Nf6 14. Ndf3 Ne4 15. Rad1
Qc8 16. c4 Na5 17. Bxe4 dxe4 18. Nd2 Nc6 19. Nb1 Nxe5 20. dxe5 Rd8 21. Nc3 Rd3
22. Rfe1 Qd7 23. Qh5 Rd8 24. Qe2 a6 25. a4 Bc6 26. Rxd3 exd3 27. Qd2 Be4 28. Rd1
Bf8 29. Rf1 Qf7 30. Nxe4 fxe4 31. Bc3 Qf5 32. Qd1 Rd7 33. g4 Qg6 34. Kh1 Qe8 35.
f5 Rf7 36. Rf2 exf5 37. gxf5 g6 38. Qg4 Bg7 39. f6 Bh6 40. Qxe4 Qe6 41. Qd5 Qg4
42. e6 Qd1+ 43. Kg2 Qg4+ 44. Kf1 Qh3+ 45. Rg2 d2 46. exf7+ Kf8 47. Qd8+ Kxf7 48.
Qe7+ Kg8 49. f7# 1-0

[Event "36th World Junior Girls"]
[Site "Manavgat TUR"]
[Date "2018.09.10"]
[Round "6.41"]
[White "Tian, Shi Yuan"]
[Black "Catal, Uktenur"]
[Result "0-1"]
[WhiteElo "1923"]
[BlackElo "1809"]
[WhiteFideId "2623960"]
[BlackFideId "34504290"]
[EventDate "2018.09.05"]

1. d4 e6 2. c4 d5 3. Nc3 c5 4. cxd5 exd5 5. Nf3 Nf6 6. g3 Nc6 7. Bg2 Be7 8. O-O
O-O 9. Bg5 cxd4 10. Nxd4 h6 11. Be3 Re8 12. Rc1 Bf8 13. Nxc6 bxc6 14. Na4 Bd7
15. Bc5 Bxc5 16. Nxc5 Bg4 17. Re1 Qa5 18. Qc2 Rab8 19. b3 Re7 20. Bf1 Rbe8 21.
Qb2 Qb6 22. e3 Nd7 23. Nxd7 Bxd7 24. Red1 a5 25. Qc3 Re4 26. Bg2 Rb4 27. h3 Ra8
28. Rd4 Rxd4 29. Qxd4 Qxd4 30. exd4 Rb8 31. g4 Rb4 32. Rd1 a4 33. bxa4 Rxa4 34.
Rd2 Kf8 35. Bf3 Ke7 36. Bd1 Ra3 37. Bb3 Kd6 38. Kg2 g5 39. f4 f6 40. Rf2 Ke7 41.
Kf3 Ra8 42. Kg3 Rf8 43. f5 Kd6 44. Kf3 Re8 45. Bc2 c5 46. dxc5+ Kxc5 47. Bb3 Re5
48. Rd2 Bb5 49. Kf2 d4 50. Be6 Re3 51. Rc2+ Rc3 52. Rxc3+ dxc3 53. Ke3 Bf1 54.
Bb3 Bxh3 55. Bd1 Bf1 56. a4 Bc4 57. a5 Kb4 58. Kd4 Bf1 59. Kd5 Be2 60. Bc2 Kxa5
61. Ke6 Bxg4 62. Kxf6 Kb4 63. Kg6 Bxf5+ 64. Bxf5 Ka3 65. Kxh6 g4 66. Bxg4 c2 0-1